|
|
|
|
| LEADER |
00000nab a2200000 a 4500 |
| 001 |
vtls000663378 |
| 003 |
SK-MaSNL |
| 005 |
20260304084236.0 |
| 008 |
250425c1997 xo 0 slo |
| 015 |
|
|
|a SNBRA1998/05-11769
|
| 035 |
|
|
|a CLN000015565
|
| 035 |
|
|
|a urn:nbn:sk:snk-ab7i74
|
| 035 |
|
|
|a (urnnbn)urn:nbn:sk:snk:ar-005trm
|
| 035 |
|
|
|a (uuid)cb929287-9557-43bf-b241-533dfd6d5d53
|
| 040 |
|
|
|a SNKBUCL
|b slo
|c SNKBUCL
|e AACR2
|
| 041 |
0 |
|
|a eng
|
| 044 |
|
|
|a xo
|c SK
|
| 080 |
|
|
|a 546.881:548
|2 1997
|
| 080 |
|
|
|a 548
|2 1997
|
| 100 |
1 |
|
|a Benco, Ľubomír
|4 aut
|9 781608
|
| 245 |
1 |
0 |
|a Crystal orbital schemes for solids
|c Ľ. Benco
|
| 300 |
|
|
|b Grafy
|
| 504 |
|
|
|a Res. angl. Bibliogr. odkazy
|
| 650 |
0 |
7 |
|a karbid vanádu
|2 SNKPH
|9 209045
|
| 650 |
0 |
7 |
|a nitrid vanádu
|2 SNK
|9 1376380
|
| 650 |
0 |
7 |
|a orbitálne kryštálové schémy
|2 SNK
|9 1376381
|
| 655 |
|
7 |
|a články z novín a časopisov
|2 SNK
|9 267496
|
| 773 |
0 |
|
|t Chemical papers. Chemické zvesti
|g Roč. 51, č. 3 (1997), s. 129-133
|x 0365-6352
|
| 850 |
|
|
|a Slovenská národná knižnica
|
| 852 |
|
|
|a Slovenská národná knižnica
|
| 954 |
|
|
|a odborná, vedecká literatúra pôvodná (slovenská)
|2 lita
|
| 958 |
|
|
|a article7
|
| 958 |
|
|
|a NB
|
| 958 |
|
|
|a EUIPO
|
| 958 |
|
|
|a OND
|
| 992 |
|
|
|a RBX
|
| 999 |
|
|
|c 2802621
|d 2804551
|